| 000 | 00741nam a2200229Ii 4500 | ||
|---|---|---|---|
| 003 | JO-AjNU | ||
| 008 | 230605s9999||||xx |||||||||||||| ||und|| | ||
| 017 | _a20003/843 | ||
| 020 | _a987-9957-07-109-2 | ||
| 040 |
_aJO-AjNU _bara _erda _cJO-AjNU |
||
| 041 | _aara | ||
| 050 | 1 | 4 | _aBF57.M2252.2010 |
| 100 | 3 |
_aالمعايطة،خليل عبد الرحمن, _eauthor _942827 |
|
| 245 | 0 | 0 | _aعلم النفس الاجتماعي =Social Psychology |
| 250 | _aط3 | ||
| 264 | 3 | 1 | _aعمان:دار الفكر ناشرون وموزعون ، 2010 |
| 300 | _a268ص | ||
| 336 |
_atext _btxt _2rdacontent |
||
| 337 |
_aunmediated _bn _2rdamedia |
||
| 338 |
_avolume _bnc _2rdacarrier |
||
| 650 | 4 |
_aعلم النفس الاجتماعي _942828 |
|
| 999 |
_aA18367 _c21935 _d21935 |
||